<?xml version="1.0" encoding="UTF-8"?>
<collection xmlns="http://www.loc.gov/MARC21/slim">
 <record>
  <leader>01473nam a2200217Ia 4500</leader>
  <controlfield tag="001">CTU_200746</controlfield>
  <controlfield tag="008">210402s9999    xx            000 0 und d</controlfield>
  <datafield tag="020" ind1=" " ind2=" ">
   <subfield code="c">55000</subfield>
  </datafield>
  <datafield tag="082" ind1=" " ind2=" ">
   <subfield code="a">294.3927</subfield>
  </datafield>
  <datafield tag="082" ind1=" " ind2=" ">
   <subfield code="b">C545</subfield>
  </datafield>
  <datafield tag="100" ind1=" " ind2=" ">
   <subfield code="a">Chodron, Pema</subfield>
  </datafield>
  <datafield tag="245" ind1=" " ind2="0">
   <subfield code="a">Hành thiền như thế nào?</subfield>
  </datafield>
  <datafield tag="245" ind1=" " ind2="0">
   <subfield code="b">Hướng dẫn thực hành làm bạn với tâm trí</subfield>
  </datafield>
  <datafield tag="245" ind1=" " ind2="0">
   <subfield code="c">Pema Chodron ; người dịch Thái An</subfield>
  </datafield>
  <datafield tag="260" ind1=" " ind2=" ">
   <subfield code="a">Hà Nội</subfield>
  </datafield>
  <datafield tag="260" ind1=" " ind2=" ">
   <subfield code="b">Hồng Đức</subfield>
  </datafield>
  <datafield tag="260" ind1=" " ind2=" ">
   <subfield code="c">2014</subfield>
  </datafield>
  <datafield tag="520" ind1=" " ind2=" ">
   <subfield code="a">Nội dung cuốn sách là tài liệu hướng dẫn hành thiền, thiền đã giúp tác giả trở thành một trong những vị thầy Phật giáo được yêu quý nhất trong thế giới hiện đại. Khi thứ gì đó đang quấy rầy bạn rầy bạn - một con người làm bạn khó chịu, một hoàn cảnh khiến bạn phát cáu, hay một đau đớn cơ thể làm bạn phiền muộn - khi ấy những gì bạn phải xử trí là tâm mình, được thực hiện thông qua hành thiền. Hướng vào tâm là phương cách duy nhất để chúng ta cảm thấy hạnh phúc, mãn nguyện với thế giới mình đang sống.</subfield>
  </datafield>
  <datafield tag="650" ind1=" " ind2=" ">
   <subfield code="a">Thiền Phật giáo,Zen buddhism</subfield>
  </datafield>
  <datafield tag="904" ind1=" " ind2=" ">
   <subfield code="i">Bằng</subfield>
  </datafield>
  <datafield tag="980" ind1=" " ind2=" ">
   <subfield code="a">Trung tâm Học liệu Trường Đại học Cần Thơ</subfield>
  </datafield>
 </record>
</collection>
